000 00407nab a22001097u 4500
008 130520b2002 xxu||||| |||| 00| 0 spa d
041 _aspa
100 1 _aCarriedo Tejedo, Manuel
_967731
245 0 0 _aSetenta obispos de Galicia, de 711 a 1073 (anteriores a la reforma gregoriana)
_cManuel Carriedo Tejedo
773 0 _tEstudios Mindonienses
_gV.18, nº18,2002,págs. 977-1012
_x0213-4357
_wRev196
942 _cAR
999 _c363371
_d363371